APEC Schools

Finding God : (Record no. 6933)

000 -LEADER
fixed length control field nam a22 7a 4500
005 - DATE AND TIME OF LATEST TRANSACTION
control field 20190121045746.0
008 - FIXED-LENGTH DATA ELEMENTS--GENERAL INFORMATION
fixed length control field 190121b xxu||||| |||| 00| 0 eng d
020 ## - IDENTIFIER FOR THE MANIFESTATION
Identifier for the Manifestation 9789712722899
Binding paperback
040 ## - CATALOGING SOURCE
Language of Cataloging eng
Transcribing Agency APEC Schools Library
Description Conventions rda
082 ## - DEWEY DECIMAL CLASSIFICATION NUMBER
Classification number F 248.4
Author's Number B731f 2009
100 ## - CREATOR
Preferred Name of the Person Brainard, Cecilia Manguerra
245 ## - TITLE AND STATEMENT OF RESPONSIBILITY
Preferred Title Proper Finding God :
Remainder of Title true stories of spiritual encounters
Statement of Responsibility/Parallel Statement of Responsibility Cecilia Manguerra Brainard
-- Marily Ysip Orosa
264 ## - PUBLICATION STATEMENT
Place of publication, distribution, etc Pasig City :
Publisher's Name/Parallel Publisher's Name Anvil Publishing, Inc.,
Copyright ©2009.
Date of Publication 2009.
300 ## - PHYSICAL DESCRIPTION
Extent x, 158 pages :
Illustrative Content illustrations ;
Dimensions 22 cm.
336 ## - RDA CONTENT
Source rdacontent
Content Type text
337 ## - RDA MEDIA
Source rdamedia
Media Type unmediated
338 ## - RDA CARRIER
Source rdacarrier
Carrier Type volume
600 ## - ADDED SUBJECT ACCESS POINT - PERSONAL NAME
Preferred Name of the Person Orosa, Marily Ysip
650 ## - ADDED SUBJECT ACCESS POINT - TOPICAL TERM
Topical Term Apologetic
-- Desire for God
942 ## - ADDED ENTRY ELEMENTS (KOHA)
Source of Classification
Koha Item Type Books
Holdings
Library Site Location Shelving Location Source of Acquisition Full Classification Number Accession Number Koha Item Type
APEC Bacoor Library APEC Bacoor Library Filipiniana Institutional Fund F 248.4 B731f 2009 B04-0000171 Non Fiction
APEC Calumpang Library APEC Calumpang Library Filipiniana Institutional Fund F 248.4 B731f 2009 B10-0000201 Non Fiction
APEC Dasmarinas Library APEC Dasmarinas Library Filipiniana Institutional Fund F 248.4 B731f 2009 B03-0000195 Non Fiction
APEC España Library APEC España Library Filipiniana Institutional Fund F 248.4 B731f 2009 B11-0000157 Non Fiction
APEC Grace Park West Library APEC Grace Park West Library Filipiniana Institutional Fund F 248.4 B731f 2009 A09-0000198 Non Fiction
APEC JRU Lipa Library APEC JRU Lipa Library Filipiniana Institutional Fund F 248.4 B731f 2009 B12-0000197 Non Fiction
APEC Marikina Heights Library APEC Marikina Heights Library Filipiniana Institutional Fund F 248.4 B731f 2009 A08-0000195 Non Fiction
APEC Concepcion Dos Library APEC Marikina Heights Library Filipiniana Institutional Fund F 248.4 B731f 2009 C02-0000197 Non Fiction
APEC Muntinlupa Library APEC Muntinlupa Library Filipiniana Institutional Fund F 248.4 B731f 2009 B01-0000174 Reference
APEC New Manila Library APEC New Manila Library Filipiniana Institutional Fund F 248.4 B731f 2009 C03-0000198 Non Fiction
APEC North Fairview Library APEC North Fairview Library Filipiniana Institutional Fund F 248.4 B731f 2009 A04-0000218 Non Fiction
APEC Ortigas Extension, Cainta Library APEC Ortigas Extension, Cainta Library Filipiniana Institutional Fund F 248.4 B731f 2009 B09-0000191 Non Fiction
APEC Roxas Boulevard Library APEC Roxas Boulevard Library Filipiniana Institutional Fund F 248.4 B731f 2009 B06-0000161 Non Fiction
APEC Silangan, Pateros Library APEC Silangan, Pateros Library Filipiniana Institutional Fund F 248.4 B731f 2009 B07-0000176 Non Fiction
APEC Sta. Rita Library APEC Sta. Rita Library Filipiniana Institutional Fund F 248.4 B731f 2009 B02-0000196 Non Fiction
APEC Sta. Rita Library APEC Sta. Rita Library Filipiniana Institutional Fund F 248.4 B731f 2009 B02-0000230 Non Fiction
APEC Taytay Library APEC Taytay Library Filipiniana Institutional Fund F 248.4 B731f 2009 B08-0000167 Non Fiction
APEC Tondo Library APEC Tondo Library Filipiniana Institutional Fund F 248.4 B731f 2009 A10-0000124 Non Fiction
APEC V. Luna Library APEC V. Luna Library Filipiniana Institutional Fund F 248.4 B731f 2009 A01-0000127 Non Fiction

Powered by Koha